Chłopcy Z Placu Broni - Quiz - Statystyki

Ogólne statystyki
  • Ten quiz został rozwiązany 1 055 razy
  • Średni wynik to 14 z 20
Statystyki odpowiedzi
Zagadnienie Odpowiedź % Poprawnych
Kto jest autorem? Ferenc Molnár
96%
Gdzie odbywała się akcja? Budapeszt
93%
Kto potem zachorował? Nemeczek
92%
Ogród Botaniczny nosił: czerwone koszule
91%
Kto wygrał wojnę? Chłopcy z Placu Broni
90%
Kto się poświęcił życiem za wygraną? Nemeczek
89%
Kto na początku zdradził chłopców? Gereb
85%
Z kim prowadzili wojnę? z ogrodem botanicznym
85%
W co grali chłopcy (na początku) ? w kulki
83%
Obok placu był: tartak
72%
Czy na podstawie książki powstał film? Tak
68%
Czym handlował kupiec? słodyczami
66%
Kim był tata Nemeczka? krawcem
62%
Na Placu powstał też: Związek Zbieraczy Kitu
59%
Kiedy żyli Chłopcy z Placu Broni? w XIX wieku
54%
Kto na początku był prezesem? Boka
48%
Jakiej narodowości był handlarz? włoskiej
45%
Związkiem zarządzał: Weiss
40%
Jaką bronią się posługiwał Ogród Botaniczny? tomahawkami
39%
Kto pod koniec był prezesem? Nemeczek
37%
Nie znaleziono quizów pasujących do podanych kryteriów
Rozkład punktacji
Procent ludzi z każdym wynikiem
Percentyl według liczby udzielonych odpowiedzi
Twoja historia wyników
Nie rozwiązałeś tego quizu